| 000 | 00368 a2200157 4500 | ||
|---|---|---|---|
| 999 |
_c12854 _d12854 |
||
| 003 | OSt | ||
| 005 | 20240730171303.0 | ||
| 008 | 240730b ||||| |||| 00| 0 eng d | ||
| 020 | _a9781781576427 | ||
| 082 | _a 770.92 | ||
| 100 | _aTanya Nagar | ||
| 245 | _aLife in 50mm: The Photographer's Lens | ||
| 260 |
_b Ilex Press _c2019 |
||
| 300 | _a160p; | ||
| 942 | _2ddc | ||